• 首页
  • 本馆介绍
  • 公告通知
  • 最新文献
  • 馆藏检索
  • 电子资源
  • 读者导购
  • 参考咨询
  • 我的图书馆
  • 登录
  • 详细信息显示
  • 放入我的书架
  • 预约/预借图书
  • 作者相关作品
  • 分类相关作品
  • 丛书相关作品
  • 出版社相关作品

书目信息

  • 表格格式
  • 工作单格式
  • 卡片格式
题名:
现代电子装联软钎焊接技术
    
 
作者: 史建卫 , 温粤晖 编著
分册:  
出版信息: 北京   电子工业出版社  2016.1
页数: 13,252页
开本: 26cm
丛书名: 现代电子制造系列丛书
单 册:
中图分类: TN305.93
科图分类:
主题词: 电子装联--软钎焊--焊接工艺
电子资源:
ISBN: 978-7-121-27596-8
000 01348nam 2200265 450
001 0400005900
005 20171031131307.0
010    @a978-7-121-27596-8@dCNY49.00
100    @a20160107d2016 em y0chiy50 ea
101 0  @achi
102    @aCN@b110000
105    @aa z 000yy
106    @ar
200 1  @a现代电子装联软钎焊接技术@Axian dai dian zi zhuang lian ruan qian han jie ji shu@b专著@f史建卫,温粤晖编著
210    @a北京@c电子工业出版社@d2016.1
215    @a13,252页@c图@d26cm
225 1  @a现代电子制造系列丛书
330    @a本书基于对现代电子装联软钎焊技术原理分析,阐明了焊接过程中润湿铺展与溶解扩散两个主要过程对焊点形成的重要性,对典型群焊技术(再流焊、波峰焊)、局部焊接技术(掩膜焊、选择焊、激光焊、热压焊等)及手工焊接技术工艺特点、工作原理、制程设计与步骤、质量控制、常见焊接缺陷等进行了介绍;针对PCBA可制造性设计(DFM),从PCB加工制作、元器件选型与布局、焊盘设计、布线设计、PCBA安装设计等方面进行了介绍,基于焊点可靠性分析,对焊点界面组织特征及接头形态设计提出要求,验证了其与工艺参数之间的关联性及对可靠性的影响,为高质量、高可靠电子组装提供了依据和思路。
410  0 @12001 @a现代电子制造系列丛书
606 0  @a电子装联@x软钎焊@x焊接工艺
690    @aTN305.93@v5
701  0 @a史建卫@Ashi jian wei@4编著
701  0 @a温粤晖@Awen yue hui@4编著
801  0 @aCN@b上海新华@c20171031
905    @b1023474-8@dTN305.93@e68@f5
    
    现代电子装联软钎焊接技术/史建卫,温粤晖编著.-北京:电子工业出版社,2016.1
    13,252页:图;26cm.-(现代电子制造系列丛书)
    
    
    ISBN 978-7-121-27596-8:CNY49.00
    本书基于对现代电子装联软钎焊技术原理分析,阐明了焊接过程中润湿铺展与溶解扩散两个主要过程对焊点形成的重要性,对典型群焊技术(再流焊、波峰焊)、局部焊接技术(掩膜焊、选择焊、激光焊、热压焊等)及手工焊接技术工艺特点、工作原理、制程设计与步骤、质量控制、常见焊接缺陷等进行了介绍;针对PCBA可制造性设计(DFM),从PCB加工制作、元器件选型与布局、焊盘设计、布线设计、PCBA安装设计等方面进行了介绍,基于焊点可靠性分析,对焊点界面组织特征及接头形态设计提出要求,验证了其与工艺参数之间的关联性及对可靠性的影响,为高质量、高可靠电子组装提供了依据和思路。
●
相关链接 在E读中查询图书 在五车中查询图书 在当当中查询图书 在豆瓣中查询图书


正题名:现代电子装联软钎焊接技术     索取号:TN305.93/68         预约/预借

序号 登录号 条形码 馆藏地/架位号 状态 备注
1 1023474   210234744   第二样本阅览室/ [索取号:TN305.93/68] 在馆    
2 1023475   210234753   密集书库-物理学院/ [索取号:TN305.93/68] 在馆    
3 1023476   210234762   第三借阅区/ [索取号:TN305.93/68] 在馆    
4 1023477   210234771   第三借阅区/ [索取号:TN305.93/68] 在馆    
5 1023478   210234780   第三借阅区/ [索取号:TN305.93/68] 在馆    
唐山师范学院图书馆 欢迎您!
大连网信软件有限公司© 版权所有